Animes et Mangas par symboles - Statistiques

Statistiques générales
  • Ce quiz a été pris 17 027 fois
  • Le résultat moyen est 9 sur 16
Statistiques - réponses
Par images Réponse % Correct
Naruto
100%
One Piece
97%
Fairy Tail
90%
L'Attaque des Titans
90%
Death Note
87%
Hunter x Hunter
85%
Dragon Ball
78%
My Hero Academia
74%
Pokémon
56%
Black Clover
51%
Bleach
32%
Code Geass
28%
FullMetal Alchemist
28%
Olive et Tom
12%
Jujutsu Kaisen
7%
Noragami
4%
Aucun quiz correspondant
Distribution des résultats
% des personnes avec chaque résultat
Percentile par nombre de réponses
Votre historique - résultats
Vous n’avez pas pris ce quiz